000 00308nam a22001337a 4500
008 171130b xxu||||| |||| 00| 0 eng d
020 _a9780787660598
041 _aeng
080 _a32
100 _a19
101 _aPOL
245 _aPROFILE OF THE NATION AN AMERICAN PORTRAIT
_cFERRO,J
942 _2udc
_cBK
999 _c38645
_d38645